| 000 | 00529nam a2200181Ia 4500 | ||
|---|---|---|---|
| 005 | 20250508151306.0 | ||
| 008 | 008 250505s9999 xx 000 0 eng d | ||
| 037 | _aTextual | ||
| 040 |
_aFEDL _beng _cFEDL |
||
| 041 |
_aeng _2eng |
||
| 084 |
_a923.7, MAT _qFEDL |
||
| 100 |
_aMathur Vishwanath Sahai Ed. _9629963 |
||
| 245 | 0 | _aGandhji as an educationist | |
| 260 |
_aDelhi, India _bMetropolitain Book Company Pvt. Ltd. _c1951 |
||
| 300 | _axvi,108p. | ||
| 942 |
_cTEXL _h923.7, MAT |
||
| 999 |
_c1328873 _d1328873 |
||